[Event "HUN-chT1 Charousek 2324"]
[Site "Hungary"]
[Date "2023.10.29"]
[Round "3.8"]
[White "Farkas, Otto Jr"]
[Black "Jozsa, Csaba"]
[Result "0-1"]
[WhiteElo "2048"]
[BlackElo "2140"]
[PlyCount "106"]
[EventDate "2023.10.08"]
[EventType "team-tourn"]
[EventRounds "11"]
[EventCountry "HUN"]
[SourceTitle "EXT 2025"]
[Source "ChessBase"]
[SourceDate "2024.10.14"]
[SourceVersion "1"]
[SourceVersionDate "2024.10.14"]
[SourceQuality "1"]
[WhiteTeam "Biatorbagy II"]
[BlackTeam "Gyor Elektromos"]
[WhiteTeamCountry "HUN"]
[BlackTeamCountry "HUN"]

1. e4 c5 2. Nf3 d6 3. d4 cxd4 4. Nxd4 Nf6 5. Nc3 a6 6. f3 e5 7. Nb3 Be6 8. Be3 Nbd7 9. Qd2 Be7 10. 0-0-0 0-0 11. g4 Rc8 12. Kb1 b5 13. Qf2 Qc7 14. h4 Bxg4 15. fxg4 Nxg4 16. Qe2 Nxe3 17. Qxe3 b4 18. Bxa6 bxc3 19. Bxc8 Rxc8 20. Qxc3 Qxc3 21. bxc3 Nb6 22. Rh3 h5 23. Rdd3 g6 24. Kc1 Ra8 25. Kb1 f6 26. Nd2 Kf7 27. c4 f5 28. Rb3 Nd7 29. Rbf3 f4 30. Kb2 Nc5 31. a3 Bd8 32. Rf1 Bb6 33. c3 Nd7 34. Ra1 Be3 35. Nf3 Nc5 36. Ng5+ Kf6 37. Kc2 Bf2 38. Nh7+ Kg7 39. Ng5 Kf6 40. Nh7+ Ke7 41. Ng5 Ra7 42. a4 Kf6 43. Nf3 Nxe4 44. Nd2 Nxd2 45. Kxd2 e4 46. Ke2 Bc5 47. a5 Kf5 48. a6 f3+ 49. Kd2 Re7 50. Rg3 Kf4 51. Rg5 e3+ 52. Ke1 e2 53. Rxc5 Ke3 0-1

[Event "HUN-chT1 Charousek 2223"]
[Site "Hungary"]
[Date "2023.04.23"]
[Round "9.7"]
[White "Nemeth, Denes"]
[Black "Jozsa, Csaba"]
[Result "1/2-1/2"]
[WhiteElo "2217"]
[BlackElo "2138"]
[PlyCount "109"]
[EventDate "2022.11.20"]
[EventType "team-tourn"]
[EventRounds "9"]
[EventCountry "HUN"]
[SourceTitle "EXT 2025"]
[Source "ChessBase"]
[SourceDate "2024.10.14"]
[SourceVersion "1"]
[SourceVersionDate "2024.10.14"]
[SourceQuality "1"]
[WhiteTeam "Haladas II"]
[BlackTeam "Gyori Elektromos"]
[WhiteTeamCountry "HUN"]
[BlackTeamCountry "HUN"]

1. d4 Nf6 2. Nf3 g6 3. g3 c5 4. Bg2 Bg7 5. 0-0 cxd4 6. Nxd4 Nc6 7. Nb3 0-0 8. c4 d6 9. Nc3 a6 10. h3 Na5 11. Nxa5 Qxa5 12. Bd2 Qh5 13. e4 Qxd1 14. Rfxd1 Be6 15. b3 Rab8 16. Rac1 Nd7 17. Nd5 Bxd5 18. exd5 b5 19. cxb5 axb5 20. Rc7 Nc5 21. Rxe7 Ra8 22. Bf4 Rfd8 23. Rd2 b4 24. Rc7 Bc3 25. Rc2 Nd3 26. Bd2 Bd4 27. Be3 Bc3 28. Be4 Nb2 29. Bd2 Bd4 30. Bxb4 Re8 31. Bc3 Bxc3 32. R7xc3 Rxa2 33. Rc8 Rxc8 34. Rxc8+ Kg7 35. Rc2 f5 36. Bf3 Ra1+ 37. Kg2 Nd3 38. Rc7+ Kf6 39. g4 Ra2 40. Rc3 Rd2 41. gxf5 gxf5 42. Kg3 Nxf2 43. Re3 f4+ 44. Kxf4 Nxh3+ 45. Kg3 Ng5 46. Bg2 h5 47. Bh1 Kf5 48. Bf3 Nxf3 49. Rxf3+ Kg5 50. b4 Rxd5 51. Rb3 Rb5 52. Rd3 d5 53. Rd4 Kf5 54. Rh4 Kg5 55. Rd4 1/2-1/2

[Event "HUN-chT1 Charousek 2223"]
[Site "Hungary"]
[Date "2023.03.26"]
[Round "8.7"]
[White "Jozsa, Csaba"]
[Black "Kovac, Boris"]
[Result "1/2-1/2"]
[WhiteElo "2137"]
[BlackElo "2170"]
[PlyCount "80"]
[EventDate "2022.11.20"]
[EventType "team-tourn"]
[EventRounds "9"]
[EventCountry "HUN"]
[SourceTitle "EXT 2025"]
[Source "ChessBase"]
[SourceDate "2024.10.14"]
[SourceVersion "1"]
[SourceVersionDate "2024.10.14"]
[SourceQuality "1"]
[WhiteTeam "Gyori Elektromos"]
[BlackTeam "Szentgotthard Alsoszolnok"]
[WhiteTeamCountry "HUN"]
[BlackTeamCountry "HUN"]

1. e4 c5 2. Nf3 e6 3. d4 cxd4 4. Nxd4 Nf6 5. Nc3 Nc6 6. Be2 Qc7 7. 0-0 a6 8. Nb3 b5 9. a3 Bb7 10. f4 d6 11. Be3 Be7 12. Bf3 0-0 13. Qe2 Rac8 14. Qf2 Rfe8 15. Bb6 Qb8 16. Rfd1 Nd7 17. Be3 Qc7 18. Kh1 Bf8 19. Rd2 Na5 20. Nxa5 Qxa5 21. Rad1 b4 22. axb4 Qxb4 23. e5 d5 24. Ne2 Bc5 25. c3 Qb6 26. Nd4 a5 27. Ra1 Ra8 28. Bd1 Bc6 29. b3 f6 30. Qg3 Qc7 31. Rda2 Bxd4 32. Bxd4 f5 33. Qf2 Reb8 34. Ra3 Bb5 35. Qa2 a4 36. bxa4 Bc4 37. Qc2 Nc5 38. Qd2 Nb3 39. Bxb3 Rxb3 40. Rxb3 Bxb3 1/2-1/2

[Event "HUN-chT1 Charousek 2122"]
[Site "Hungary"]
[Date "2021.10.10"]
[Round "1.8"]
[White "Jozsa, Csaba"]
[Black "Fodor, Balazs"]
[Result "0-1"]
[WhiteElo "2133"]
[BlackElo "2129"]
[PlyCount "70"]
[EventDate "2021.10.10"]
[EventType "team-tourn"]
[EventRounds "11"]
[EventCountry "HUN"]
[SourceTitle "EXT 2025"]
[Source "ChessBase"]
[SourceDate "2024.10.14"]
[SourceVersion "1"]
[SourceVersionDate "2024.10.14"]
[SourceQuality "1"]
[WhiteTeam "Gyori Elektromos"]
[BlackTeam "Budapest MTK"]
[WhiteTeamCountry "HUN"]
[BlackTeamCountry "HUN"]

1. e4 c6 2. Nf3 d5 3. Nc3 dxe4 4. Nxe4 Nf6 5. Nxf6+ exf6 6. d4 Bd6 7. Be3 0-0 8. Qd2 Re8 9. 0-0-0 Be6 10. Kb1 b5 11. h3 Na6 12. c3 Nc7 13. Qc2 Nd5 14. Bd3 g6 15. Bd2 Rb8 16. Ka1 Qa5 17. b3 Nf4 18. Bxf4 Bxf4 19. Nd2 b4 20. c4 Qd8 21. Nf3 a5 22. Be4 Qb6 23. Rhe1 a4 24. d5 cxd5 25. cxd5 Bd7 26. g4 Rec8 27. Qb2 axb3 28. axb3 Ra8+ 29. Kb1 Ra3 30. d6 Rc3 31. Bd5 Bxd6 32. Re3 Rxe3 33. fxe3 Be7 34. Bxf7+ Kxf7 35. Rxd7 Qc6 0-1

[Event "HUN-chT2 Charousek 0809"]
[Site "Hungary"]
[Date "2008.11.30"]
[Round "3"]
[White "Joo, Gabor"]
[Black "Jozsa, Csaba"]
[Result "1/2-1/2"]
[WhiteElo "2081"]
[BlackElo "2167"]
[PlyCount "28"]
[EventDate "2008.10.26"]
[EventType "tourn"]
[EventRounds "11"]
[EventCountry "HUN"]
[SourceTitle "EXT 2010"]
[Source "ChessBase"]
[SourceDate "2010.11.25"]
[SourceVersion "1"]
[SourceVersionDate "2010.11.25"]
[SourceQuality "1"]
[WhiteTeam "Haladas II"]
[BlackTeam "Gyor Elektromos"]
[WhiteTeamCountry "HUN"]
[BlackTeamCountry "HUN"]

1. e4 c5 2. Nf3 Nc6 3. d4 cxd4 4. Nxd4 Nf6 5. Nc3 d6 6. Bg5 e6 7. Qd2 a6 8. 0-0-0 Bd7 9. f3 Be7 10. g4 h5 11. gxh5 Rxh5 12. Be3 Na5 13. Be2 Qc7 14. f4 Nc4 1/2-1/2

[Event "HUN-chT2 Charousek 0405"]
[Site "Hungary"]
[Date "2004.11.21"]
[Round "3"]
[White "Jozsa, Csaba"]
[Black "Fabian, Jaroslav"]
[Result "1-0"]
[WhiteElo "2169"]
[BlackElo "2229"]
[PlyCount "69"]
[EventDate "2004.09.26"]
[EventType "team-tourn"]
[EventRounds "11"]
[EventCountry "HUN"]
[SourceTitle "EXT 2008"]
[Source "ChessBase"]
[SourceDate "2007.11.25"]
[SourceVersion "1"]
[SourceVersionDate "2007.11.25"]
[SourceQuality "1"]
[WhiteTeam "Gyor Elektromos"]
[BlackTeam "Pannonpower"]
[WhiteTeamCountry "HUN"]
[BlackTeamCountry "HUN"]

1. e4 c5 2. Nf3 d6 3. d4 cxd4 4. Nxd4 Nf6 5. Nc3 Nc6 6. Bg5 e6 7. Qd2 a6 8. 0-0-0 Bd7 9. f3 Be7 10. Nb3 0-0 11. Be3 b5 12. g4 b4 13. Ne2 a5 14. g5 a4 15. Nbd4 Ne8 16. Nxc6 Bxc6 17. Nd4 Bd7 18. Kb1 Nc7 19. h4 Na6 20. h5 Nc5 21. Bc4 Qc7 22. b3 axb3 23. cxb3 Na4 24. Ne2 Nb6 25. Bd3 d5 26. Rc1 Qb7 27. Qb2 Ra3 28. h6 f6 29. hxg7 Rfa8 30. gxf6 Rxa2 31. f7+ Kxf7 32. g8Q+ Kxg8 33. Rcg1+ Kf7 34. Rxh7+ Ke8 35. Rg8+ 1-0

[Event "HUN-chT2 Charousek 0304"]
[Site "Hungary"]
[Date "2003.09.28"]
[Round "1"]
[White "Jozsa, Csaba"]
[Black "Kubacsny, Laszlo"]
[Result "0-1"]
[WhiteElo "2173"]
[BlackElo "2351"]
[PlyCount "96"]
[EventDate "2003.09.28"]
[EventType "team-tourn"]
[EventRounds "11"]
[EventCountry "HUN"]
[SourceTitle "EXT 2005"]
[Source "ChessBase"]
[SourceDate "2004.11.15"]
[SourceVersion "1"]
[SourceVersionDate "2004.11.15"]
[SourceQuality "1"]

1. e4 c5 2. Nf3 e6 3. d4 cxd4 4. Nxd4 a6 5. Nc3 b5 6. g3 Bb7 7. Bg2 Nf6 8. Bg5 Be7 9. Qd3 d6 10. 0-0 Nbd7 11. Bxf6 Bxf6 12. Rfe1 Ne5 13. Qe2 Qb6 14. Rad1 Rc8 15. Nb1 b4 16. c3 bxc3 17. Nxc3 0-0 18. Na4 Qa7 19. b3 Rfd8 20. h3 d5 21. exd5 Bxd5 22. Bxd5 Rxd5 23. Nf3 Nxf3+ 24. Qxf3 Bd4 25. g4 h5 26. Rc1 Rxc1 27. Rxc1 g6 28. Rc8+ Kg7 29. Nc3 hxg4 30. hxg4 Rc5 31. Ra8 Qb6 32. Qh3 Bxf2+ 33. Kf1 Kf6 34. Ne4+ Ke7 35. Nxf2 Rc1+ 36. Ke2 Rc2+ 37. Kd3 Qxf2 38. Ra7+ Qxa7 39. Kxc2 Qc5+ 40. Kd3 g5 41. Qf3 Qb5+ 42. Kc3 Qa5+ 43. Kb2 Qe5+ 44. Kc2 a5 45. a3 f5 46. b4 axb4 47. axb4 fxg4 48. Qxg4 Qf5+ 0-1

[Event "HUN-chT2 0102"]
[Site "Hungary"]
[Date "2002.04.21"]
[Round "11"]
[White "Istvandi, Lajos"]
[Black "Jozsa, Csaba"]
[Result "1-0"]
[WhiteElo "2286"]
[BlackElo "2192"]
[PlyCount "59"]
[EventDate "2001.??.??"]
[EventType "team-tourn"]
[EventRounds "11"]
[EventCountry "HUN"]
[SourceTitle "EXT 2004"]
[Source "ChessBase"]
[SourceDate "2003.11.25"]
[SourceVersion "1"]
[SourceVersionDate "2003.11.25"]
[SourceQuality "1"]

1. e4 c5 2. Nf3 Nc6 3. Bb5 g6 4. 0-0 Bg7 5. c3 Nf6 6. Re1 0-0 7. d4 cxd4 8. cxd4 d5 9. e5 Ne4 10. Nc3 Nxc3 11. bxc3 Bg4 12. h3 Bxf3 13. Qxf3 Qa5 14. Bxc6 bxc6 15. Bg5 f6 16. exf6 exf6 17. Bf4 Rfe8 18. h4 Kf7 19. Qh3 f5 20. h5 Re4 21. Rxe4 dxe4 22. Rb1 Qa6 23. g4 fxg4 24. Qxg4 Re8 25. Bg5 Re6 26. Qf4+ Bf6 27. hxg6+ hxg6 28. Rb8 e3 29. fxe3 Kg7 30. Qh4 1-0

[Event "HUN-chT2 0102"]
[Site "Hungary"]
[Date "2001.09.30"]
[Round "1"]
[White "Jozsa, Csaba"]
[Black "Forgo, Eva"]
[Result "1/2-1/2"]
[WhiteElo "2192"]
[BlackElo "2211"]
[PlyCount "31"]
[EventDate "2001.??.??"]
[EventType "team-tourn"]
[EventRounds "11"]
[EventCountry "HUN"]
[SourceTitle "EXT 2004"]
[Source "ChessBase"]
[SourceDate "2003.11.25"]
[SourceVersion "1"]
[SourceVersionDate "2003.11.25"]
[SourceQuality "1"]

1. e4 e5 2. Nf3 Nc6 3. Bb5 a6 4. Ba4 Nf6 5. 0-0 Nxe4 6. d4 b5 7. Bb3 d5 8. dxe5 Be6 9. c3 Be7 10. Nbd2 Nc5 11. Bc2 Qd7 12. Qe2 Bf5 13. Nb3 0-0 14. Nbd4 Bxc2 15. Qxc2 Nxd4 16. cxd4 1/2-1/2

[Event "HUN-chT2 9900"]
[Site "Hungary"]
[Date "2000.02.27"]
[Round "8"]
[White "Szeles, Karoly"]
[Black "Jozsa, Csaba"]
[Result "1/2-1/2"]
[WhiteElo "2304"]
[BlackElo "2205"]
[PlyCount "24"]
[EventDate "1999.09.26"]
[EventType "team-tourn"]
[EventRounds "11"]
[EventCountry "HUN"]
[SourceTitle "EXT 2002"]
[Source "ChessBase"]
[SourceDate "2001.11.25"]
[SourceVersion "1"]
[SourceVersionDate "2001.11.25"]
[SourceQuality "1"]

1. e4 c5 2. Nf3 Nc6 3. c3 d5 4. exd5 Qxd5 5. d4 Nf6 6. Be2 e6 7. 0-0 Be7 8. Be3 Ng4 9. Bf4 Qd8 10. dxc5 Qxd1 11. Rxd1 Bxc5 12. Bg3 0-0 1/2-1/2

[Event "HUN-chT2 9900"]
[Site "Hungary"]
[Date "1999.10.17"]
[Round "3"]
[White "Biro, Peter"]
[Black "Jozsa, Csaba"]
[Result "1-0"]
[WhiteElo "2199"]
[BlackElo "2205"]
[PlyCount "63"]
[EventDate "1999.09.26"]
[EventType "team-tourn"]
[EventRounds "11"]
[EventCountry "HUN"]
[SourceTitle "EXT 2002"]
[Source "ChessBase"]
[SourceDate "2001.11.25"]
[SourceVersion "1"]
[SourceVersionDate "2001.11.25"]
[SourceQuality "1"]

1. d4 Nf6 2. c4 g6 3. Nc3 Bg7 4. e4 0-0 5. f3 c5 6. dxc5 b6 7. cxb6 Qxb6 8. Na4 Qc7 9. Be3 d6 10. Rc1 Bd7 11. Bd3 Qa5+ 12. Nc3 Nc6 13. Nge2 Rab8 14. b3 e6 15. Kf2 Ne5 16. h3 d5 17. exd5 exd5 18. cxd5 Rfe8 19. Bb1 Rbd8 20. Qd2 Bc8 21. Rhd1 Bb7 22. Ne4 Qxd2 23. Nxf6+ Bxf6 24. Rxd2 Rxd5 25. Rxd5 Bxd5 26. Bxa7 Nc6 27. Be3 Ra8 28. Nf4 Nb4 29. Rc5 Bc6 30. Rc4 Be7 31. Bd2 Bb5 32. Bxb4 1-0

[Event "HUN-chT2 9495"]
[Site "Hungary"]
[Date "1995.??.??"]
[Round "?"]
[White "Jozsa, Csaba"]
[Black "Varga, Sandor"]
[Result "1-0"]
[WhiteElo "2255"]
[BlackElo "2260"]
[PlyCount "75"]
[EventDate "1994.??.??"]
[EventType "team-tourn"]
[EventRounds "13"]
[EventCountry "HUN"]
[SourceTitle "EXT 1999"]
[Source "ChessBase"]
[SourceDate "1998.11.16"]
[SourceVersion "1"]
[SourceVersionDate "1998.11.16"]
[SourceQuality "1"]

1. e4 e5 2. Bc4 Nf6 3. d3 Nc6 4. Ne2 Be7 5. 0-0 d6 6. h3 0-0 7. Nbc3 Na5 8. f4 exf4 9. Nxf4 Nxc4 10. dxc4 c6 11. b3 a6 12. Bb2 b5 13. Qe2 Nd7 14. Rad1 bxc4 15. Qxc4 Ne5 16. Qd4 Bf6 17. Qf2 Ng6 18. Na4 Bh4 19. Qf3 Be6 20. c4 Qg5 21. Nxg6 fxg6 22. Qc3 Qe7 23. Ba3 Rxf1+ 24. Rxf1 Rf8 25. Qd3 c5 26. e5 Rxf1+ 27. Qxf1 Bg3 28. exd6 Bxd6 29. Qe2 Qf6 30. Bb2 Qf5 31. g4 Qb1+ 32. Kg2 Bd7 33. Nc3 Bc6+ 34. Kf2 Bg3+ 35. Kxg3 Qg1+ 36. Kh4 h6 37. Nd5 Qf2+ 38. Qxf2 1-0

[Event "HUN-chT2 9495"]
[Site "Hungary"]
[Date "1995.??.??"]
[Round "?"]
[White "Kocsis, Janos"]
[Black "Jozsa, Csaba"]
[Result "1-0"]
[WhiteElo "2290"]
[BlackElo "2255"]
[PlyCount "77"]
[EventDate "1994.??.??"]
[EventType "team-tourn"]
[EventRounds "13"]
[EventCountry "HUN"]
[SourceTitle "EXT 1999"]
[Source "ChessBase"]
[SourceDate "1998.11.16"]
[SourceVersion "1"]
[SourceVersionDate "1998.11.16"]
[SourceQuality "1"]

1. c4 e5 2. Nc3 Nf6 3. Nf3 Nc6 4. e3 Bb4 5. Nd5 e4 6. Ng1 0-0 7. a3 Be7 8. Qc2 Re8 9. Ne2 d6 10. Ng3 Nxd5 11. cxd5 Ne5 12. Qxe4 c6 13. Be2 cxd5 14. Qxd5 Be6 15. Qxb7 a5 16. Qe4 g6 17. 0-0 f5 18. Qb1 Rb8 19. d4 Nc6 20. Bf3 d5 21. Ne2 g5 22. g3 Qd7 23. Bd2 Rb3 24. Nc1 Rb6 25. Bc3 Reb8 26. Nd3 a4 27. Qd1 Rb3 28. Qd2 Na7 29. Nc5 Bxc5 30. dxc5 Nb5 31. Be5 Rf8 32. Bd1 f4 33. exf4 d4 34. Bxb3 Bxb3 35. f3 Qd5 36. Rac1 Rc8 37. Qd3 Rxc5 38. Qf5 d3 39. Qf6 1-0

[Event "HUN-chT2 9495"]
[Site "Hungary"]
[Date "1995.??.??"]
[Round "?"]
[White "Racz, Zoltan"]
[Black "Jozsa, Csaba"]
[Result "1/2-1/2"]
[WhiteElo "2250"]
[BlackElo "2255"]
[PlyCount "117"]
[EventDate "1994.??.??"]
[EventType "team-tourn"]
[EventRounds "13"]
[EventCountry "HUN"]
[SourceTitle "EXT 1999"]
[Source "ChessBase"]
[SourceDate "1998.11.16"]
[SourceVersion "1"]
[SourceVersionDate "1998.11.16"]
[SourceQuality "1"]

1. e4 c5 2. Nf3 Nc6 3. d4 cxd4 4. Nxd4 Nf6 5. Nc3 e6 6. Ndb5 d6 7. Bf4 e5 8. Bg5 a6 9. Na3 b5 10. Nd5 Be7 11. Bxf6 Bxf6 12. c3 0-0 13. Nc2 Rb8 14. a3 Bg5 15. g3 Ne7 16. Nxe7+ Qxe7 17. Bg2 Bb7 18. 0-0 Kh8 19. Qe2 f5 20. exf5 Rxf5 21. Be4 Bxe4 22. Qxe4 Rbf8 23. Ne3 R5f7 24. Kg2 g6 25. Rad1 Kg7 26. Nd5 Qa7 27. f3 Rc8 28. Nb4 Qb6 29. Qd5 a5 30. Nd3 Be3 31. Nf2 Bxf2 32. Rxf2 Rf6 33. Qe4 Rc4 34. Qe2 Qc6 35. Kg1 b4 36. cxb4 axb4 37. axb4 Rxb4 38. Qe3 Rc4 39. Qa7+ Rf7 40. Qa3 Rf6 41. Qe3 Rb4 42. f4 exf4 43. Rxf4 Rfxf4 44. gxf4 Qc5 45. Qxc5 dxc5 46. Rc1 Rxb2 47. Rxc5 Kf6 48. Ra5 Rb4 49. Kg2 Rxf4 50. Kg3 Rf5 51. Ra6+ Kg5 52. Ra7 h6 53. Ra6 Rb5 54. h4+ Kh5 55. Ra4 Rb3+ 56. Kg2 g5 57. hxg5 hxg5 58. Rc4 g4 59. Rc8 1/2-1/2

[Event "HUN-chT2 9596"]
[Site "Hungary"]
[Date "1995.??.??"]
[Round "2"]
[White "Szeles, Karoly"]
[Black "Jozsa, Csaba"]
[Result "0-1"]
[WhiteElo "2290"]
[BlackElo "2200"]
[PlyCount "64"]
[EventDate "1995.??.??"]
[EventType "team-tourn"]
[EventRounds "11"]
[EventCountry "HUN"]
[SourceTitle "EXT 2000"]
[Source "ChessBase"]
[SourceDate "1999.11.16"]
[SourceVersion "1"]
[SourceVersionDate "1999.11.16"]
[SourceQuality "1"]

1. d4 Nf6 2. c4 g6 3. Nc3 Bg7 4. e4 0-0 5. f4 d6 6. Be2 c5 7. Nf3 Bg4 8. d5 e6 9. 0-0 exd5 10. cxd5 Re8 11. e5 dxe5 12. fxe5 Bxf3 13. Bxf3 Rxe5 14. Bf4 Nbd7 15. Bxe5 Nxe5 16. Qe2 Nfd7 17. Rad1 c4 18. d6 Nd3 19. Bd5 N7e5 20. Bxc4 Qb6+ 21. Kh1 Nxb2 22. Bxf7+ Nxf7 23. d7 Rf8 24. Rxf7 Kxf7 25. Rf1+ Kg8 26. Qe8 Nd3 27. Ne4 Nf4 28. g3 Qb5 29. Re1 Qd3 30. Ng5 h6 31. gxf4 hxg5 32. Re3 Qf1# 0-1

[Event "HUN-chT2 9394"]
[Site "Hungary"]
[Date "1994.??.??"]
[Round "?"]
[White "Jozsa, Csaba"]
[Black "Veroci, Zsuzsa"]
[Result "1-0"]
[WhiteElo "2280"]
[BlackElo "2320"]
[PlyCount "79"]
[EventDate "1993.??.??"]
[EventType "team-tourn"]
[EventRounds "13"]
[EventCountry "HUN"]
[SourceTitle "TD"]
[Source "ChessBase"]
[SourceDate "1994.03.01"]
[SourceVersion "1"]
[SourceVersionDate "1994.03.01"]
[SourceQuality "1"]

1. e4 e5 2. Bc4 Nc6 3. Nf3 Bc5 4. 0-0 Nf6 5. d3 d6 6. h3 h6 7. c3 Qe7 8. Nbd2 g5 9. d4 Bb6 10. d5 Nb8 11. a4 a6 12. Be2 Nbd7 13. a5 Ba7 14. Nh2 Nf8 15. Ng4 Ng6 16. Nxf6+ Qxf6 17. Bg4 Bxg4 18. Qxg4 Nf4 19. Nc4 h5 20. Qf3 g4 21. Qd1 gxh3 22. g3 Qg6 23. Qf3 Ne2+ 24. Kh2 Nxc1 25. Raxc1 h4 26. Rg1 hxg3+ 27. Rxg3 Qh6 28. Rcg1 0-0-0 29. Rg7 Rdf8 30. Qf5+ Kb8 31. R1g4 Bc5 32. b4 Ba7 33. Rxf7 Rxf7 34. Qxf7 Qf8 35. Rg7 Qd8 36. Nb6 Re8 37. c4 Rh8 38. c5 Bxb6 39. axb6 Qc8 40. Qxc7+ 1-0

[Event "HUN-chT2 9394"]
[Site "Hungary"]
[Date "1994.??.??"]
[Round "?"]
[White "Jozsa, Csaba"]
[Black "Volosin, Vladimir"]
[Result "1-0"]
[WhiteElo "2280"]
[BlackElo "2295"]
[PlyCount "85"]
[EventDate "1993.??.??"]
[EventType "team-tourn"]
[EventRounds "13"]
[EventCountry "HUN"]
[SourceTitle "TD"]
[Source "ChessBase"]
[SourceDate "1994.03.01"]
[SourceVersion "1"]
[SourceVersionDate "1994.03.01"]
[SourceQuality "1"]

1. e4 c6 2. d4 d5 3. Nc3 dxe4 4. Nxe4 Nf6 5. Nxf6+ gxf6 6. Be2 Bf5 7. Nf3 e6 8. Bf4 Bd6 9. Bxd6 Qxd6 10. Qd2 Nd7 11. 0-0 0-0-0 12. c3 Rhg8 13. Nh4 Bg4 14. f3 Bh5 15. Rad1 f5 16. Qh6 Bg6 17. f4 Nf6 18. Bf3 Qe7 19. Nxg6 Rxg6 20. Qh4 Rdg8 21. Rfe1 Qc7 22. h3 Qd6 23. Re5 Qf8 24. Rd2 Rh6 25. Qf2 Rxh3 26. d5 Qh6 27. Qxa7 Rh1+ 28. Kf2 Rxg2+ 29. Bxg2 Qxf4+ 30. Ke2 Qxe5+ 31. Kd3 Rc1 32. dxc6 Qb5+ 33. Kd4 e5+ 34. Ke3 Ng4+ 35. Kf3 e4+ 36. Kf4 Qe5+ 37. Kg5 Qf6+ 38. Kf4 Qe5+ 39. Kg5 h6+ 40. Kh4 Qf6+ 41. Kg3 f4+ 42. Kh3 Nf2+ 43. Rxf2 1-0

[Event "HUN-chT2 9394"]
[Site "Hungary"]
[Date "1994.??.??"]
[Round "?"]
[White "Sandor, Jozsef"]
[Black "Jozsa, Csaba"]
[Result "0-1"]
[WhiteElo "2290"]
[BlackElo "2280"]
[PlyCount "122"]
[EventDate "1993.??.??"]
[EventType "team-tourn"]
[EventRounds "13"]
[EventCountry "HUN"]
[SourceTitle "TD"]
[Source "ChessBase"]
[SourceDate "1994.03.01"]
[SourceVersion "1"]
[SourceVersionDate "1994.03.01"]
[SourceQuality "1"]

1. Nf3 Nf6 2. g3 d5 3. Bg2 c5 4. 0-0 Nc6 5. d3 e5 6. e4 dxe4 7. dxe4 Qxd1 8. Rxd1 Be7 9. Nbd2 h6 10. Nc4 Bg4 11. Re1 Bxf3 12. Bxf3 0-0 13. a4 Rfd8 14. b3 Nb4 15. Re2 Rd1+ 16. Kg2 Rad8 17. Bb2 Rxa1 18. Bxa1 Rd1 19. Bxe5 Rc1 20. Ne3 Nd7 21. Bb2 Rb1 22. Bc3 Bg5 23. Nd5 Na2 24. h4 Bd8 25. Bd2 Ne5 26. Bf4 Nc6 27. c3 Ra1 28. Rc2 Na5 29. b4 Nc4 30. bxc5 g5 31. hxg5 hxg5 32. Bc7 Bxc7 33. Nxc7 Nc1 34. Nd5 Nd3 35. Re2 Ne1+ 36. Rxe1 Rxe1 37. c6 bxc6 38. Ne7+ Kg7 39. Nxc6 a5 40. Kh3 Kf6 41. Kg2 Ra1 42. Be2 Rxa4 43. Bxc4 Rxc4 44. Nxa5 Rxc3 45. f3 Ke6 46. Nb7 f6 47. f4 g4 48. Nd8+ Ke7 49. Nb7 Rc2+ 50. Kf1 Kd7 51. e5 fxe5 52. fxe5 Ke6 53. Nd6 Kxe5 54. Nf7+ Ke4 55. Ng5+ Ke3 56. Kg1 Rc5 57. Ne6 Ra5 58. Nf4 Kf3 59. Kh2 Ra2+ 60. Ng2 Rxg2+ 61. Kh1 Rf2 0-1

[Event "HUN-chT2 9394"]
[Site "Hungary"]
[Date "1994.??.??"]
[Round "?"]
[White "Taskovits, Istvan"]
[Black "Jozsa, Csaba"]
[Result "1-0"]
[WhiteElo "2220"]
[BlackElo "2280"]
[PlyCount "59"]
[EventDate "1993.??.??"]
[EventType "team-tourn"]
[EventRounds "13"]
[EventCountry "HUN"]
[SourceTitle "TD"]
[Source "ChessBase"]
[SourceDate "1994.03.01"]
[SourceVersion "1"]
[SourceVersionDate "1994.03.01"]
[SourceQuality "1"]

1. d4 Nf6 2. c4 g6 3. Nc3 Bg7 4. e4 0-0 5. Be3 d6 6. f3 Nc6 7. Qd2 a6 8. Nge2 Re8 9. g4 Bxg4 10. fxg4 Nxg4 11. Bg5 h6 12. Bh4 g5 13. Bxg5 hxg5 14. Qxg5 e5 15. Qxg4 Re6 16. d5 Rg6 17. Qh3 Nd4 18. 0-0-0 c5 19. Nxd4 exd4 20. Ne2 b5 21. Ng3 d3 22. Bxd3 Rb8 23. Nf5 Bxb2+ 24. Kxb2 bxc4+ 25. Kc2 cxd3+ 26. Kxd3 Qa5 27. Ke3 Rb2 28. Ne7+ Kg7 29. Nxg6 Rxa2 30. Qh8+ 1-0

[Event "HUN-chT2 9394"]
[Site "Hungary"]
[Date "1994.??.??"]
[Round "?"]
[White "Zemerov, Vladimir"]
[Black "Jozsa, Csaba"]
[Result "1-0"]
[WhiteElo "2415"]
[BlackElo "2280"]
[PlyCount "113"]
[EventDate "1993.??.??"]
[EventType "team-tourn"]
[EventRounds "13"]
[EventCountry "HUN"]
[SourceTitle "TD"]
[Source "ChessBase"]
[SourceDate "1994.03.01"]
[SourceVersion "1"]
[SourceVersionDate "1994.03.01"]
[SourceQuality "1"]

1. e4 c5 2. Nc3 Nc6 3. Nf3 d6 4. Bb5 g6 5. d4 cxd4 6. Qxd4 Nf6 7. e5 dxe5 8. Qxd8+ Kxd8 9. Bxc6 bxc6 10. Nxe5 Ke8 11. 0-0 Nd5 12. Bd2 Bg7 13. Nxc6 Nxc3 14. Bxc3 Bxc3 15. bxc3 Bd7 16. Ne5 f6 17. Nxd7 Kxd7 18. Rab1 Kc6 19. Rfe1 e5 20. Kf1 Rhd8 21. Ke2 Rd5 22. Red1 Rxd1 23. Kxd1 Rd8+ 24. Ke2 Rd5 25. Rb4 h5 26. h4 f5 27. g3 Ra5 28. a4 Rc5 29. Kd2 Rd5+ 30. Kc1 Rc5 31. c4 e4 32. Kd2 a5 33. Rb5 Rxc4 34. Rxa5 Kb6 35. Re5 Rc6 36. Rb5+ Kc7 37. a5 Rd6+ 38. Ke2 Rc6 39. Kd2 Rd6+ 40. Kc1 Re6 41. Rb6 Re5 42. Rxg6 Rxa5 43. Rg5 Kd6 44. Rxh5 Ke6 45. Rh6+ Ke5 46. Rc6 Kd5 47. Rc8 Ke6 48. Kd2 Ra3 49. Rc3 Ra1 50. Ke2 f4 51. gxf4 Rh1 52. Rc5 Rxh4 53. Re5+ Kd6 54. Rxe4 Kd5 55. Ke3 Rh1 56. c4+ Kc5 57. f5 1-0